| 000 | 00906nab a2200265 u 4500 | ||
|---|---|---|---|
| 001 | 20058 | ||
| 003 | HDC | ||
| 007 | cr bn ---aaaaa | ||
| 008 | 210221b20050326 d||no |||| 00| 0 eng d | ||
| 040 | _aHDC | ||
| 245 | 0 | _aChicken firm incurs 70pc drop in business due to Halal issue | |
| 260 |
_aKota Kinabalu : _bDaily Express, _c2005 |
||
| 300 | _a1 online resource | ||
| 336 |
_atext _2rdacontent |
||
| 337 |
_acomputer _2rdamedia |
||
| 338 |
_aonline resource _2rdacarrier |
||
| 650 |
_aFood _xreligious aspects _xIslam _9239 |
||
| 650 |
_aHalal food _950 |
||
| 650 |
_aMeat industry _xReligious aspects _xIslam _918118 |
||
| 710 |
_aDaily Express, _eissuing body |
||
| 856 | _zRequest full-text at [email protected] | ||
| 942 | _2lcc | ||
| 942 | _cNEWS | ||
| 942 | _kNWSO 005448 | ||
| 999 |
_c17374 _d17374 |
||